• 首页
  • 本馆介绍
  • 公告通知
  • 最新文献
  • 馆藏检索
  • 电子资源
  • 读者导购
  • 参考咨询
  • 我的图书馆
  • 登录
  • 详细信息显示
  • 放入我的书架
  • 预约/预借图书
  • 作者相关作品
  • 分类相关作品
  • 丛书相关作品
  • 出版社相关作品

书目信息

  • 表格格式
  • 工作单格式
  • 卡片格式
题名:
国民经济核算概论
    
 
作者: 夏明 著
分册:  
出版信息: 北京   中国人民大学出版社  2004
页数: 252
开本: 23cm
丛书名: 21世纪国民经济管理学系列教材
单 册:
中图分类: F222.33
科图分类:
主题词: 经济--计算 , 经济数学--方法
电子资源:
ISBN: 7-300-05707-1
000 00650nam0 2200217 450
001 0753815641
005 20070930145655.64
010    @a7-300-05707-1@d¥19.00
100    @a20070930d km y0chiy0120 ea
101 0  @achi
200 1  @a国民经济核算概论@Aguo min jing ji he suan gai lun@f夏明等著@Fxia ming deng zhu
210    @a北京@c中国人民大学出版社@d2004
215    @a252@d23cm
225 2  @a21世纪国民经济管理学系列教材
410  0 @12001 @a21世纪国民经济管理学系列教材
606 0  @a经济@x计算
606 0  @a经济数学@x方法
690    @aF222.33@v3
701  0 @a夏明@Axia ming@4著
801  0 @aCN@bPFT@c20070930
905    @a213230@dF222.33@eg98@f1
    
    国民经济核算概论/夏明等著.-北京:中国人民大学出版社,2004
    252;23cm.-(21世纪国民经济管理学系列教材)
    
    
    ISBN 7-300-05707-1:¥19.00
    
●
相关链接 在E读中查询图书 在五车中查询图书 在当当中查询图书 在豆瓣中查询图书


正题名:国民经济核算概论     索取号:F222.33/g98         预约/预借

序号 登录号 条形码 馆藏地/架位号 状态 备注
1 6504400   265044007   密集书库-海洋学院/ [索取号:F222.33/g98] 在馆    
唐山师范学院图书馆 欢迎您!
大连网信软件有限公司© 版权所有